Time,Space and Things. (Record no. 8350)

MARC details
000 -LEADER
fixed length control field 00507nam a22002057a 4500
003 - CONTROL NUMBER IDENTIFIER
control field OSt
005 - DATE AND TIME OF LATEST TRANSACTION
control field 20240604195149.0
008 - FIXED-LENGTH DATA ELEMENTS--GENERAL INFORMATION
fixed length control field 240604b |||||||| |||| 00| 0 eng d
020 ## - INTERNATIONAL STANDARD BOOK NUMBER
International Standard Book Number 0521484863
040 ## - CATALOGING SOURCE
Transcribing agency DDC
082 ## - DEWEY DECIMAL CLASSIFICATION NUMBER
Classification number 530 RID 1994
100 ## - MAIN ENTRY--PERSONAL NAME
Relator code Ridley. B.K.
245 ## - TITLE STATEMENT
Title Time,Space and Things.
250 ## - EDITION STATEMENT
Edition statement Third Edition.
260 ## - PUBLICATION, DISTRIBUTION, ETC. (IMPRINT)
Place of publication, distribution, etc. NY,
Name of publisher, distributor, etc. Cambridge University,
Date of publication, distribution, etc. 1994.
300 ## - PHYSICAL DESCRIPTION
Extent x;191p,
Other physical details ill,
Dimensions 21.5cm.
504 ## - BIBLIOGRAPHY, ETC. NOTE
Bibliography, etc Appendix,Index.
650 ## - SUBJECT ADDED ENTRY--TOPICAL TERM
Topical term or geographic name as entry element Physics.
9 (RLIN) 809
942 ## - ADDED ENTRY ELEMENTS (KOHA)
Source of classification or shelving scheme Dewey Decimal Classification
Koha item type Open Shelf
Holdings
Withdrawn status Lost status Source of classification or shelving scheme Damaged status Not for loan Home library Current library Date acquired Source of acquisition Inventory number Total Checkouts Full call number Barcode Date last seen Price effective from Koha item type
    Dewey Decimal Classification     MUST Main Library MUST Main Library 04/06/2024 Donation 2000/13617   530 RID 1994 2024-20209 04/06/2024 04/06/2024 Open Shelf
    Dewey Decimal Classification     MUST Main Library MUST Main Library 20/06/2024 purchase 05/24873   530 RID 1994 2024-20938 20/06/2024 20/06/2024 Open Shelf